000 00664nam a2200229Ia 4500
003 OSt
005 20220923225422.0
006 a|||||r|||| 00| 0
007 ta
008 220922b |||||||| |||| 00| 0 san d
024 _a267,305
037 _cTextual
040 _aARTS
_cARTS
_bsan
041 _2san
_asan
082 _aR6893x1,4, 15L9
100 _aवल्लभाचार्य
_9156945
245 0 _aपुष्टि प्रवाह मर्यादा
246 _aPuṣhṭi pravāh maryādā
260 _c1979
942 _hR6893x1,4, 15L9
_cTEXL
_2CC
999 _c378154
_d378154